[Event "Montreal Saturday op 09"]
[Site "Montreal"]
[Date "2009.09.16"]
[Round "3"]
[White "Lamouche, Andre"]
[Black "Gauthier, Luc"]
[Result "0-1"]
[WhiteElo "1689"]
[BlackElo "1710"]
[PlyCount "78"]
[EventDate "2009.09.02"]
[EventType "tourn"]
[EventRounds "5"]
[EventCountry "CAN"]
[SourceTitle "EXT 2011"]
[Source "ChessBase"]
[SourceDate "2010.11.26"]
[SourceVersion "1"]
[SourceVersionDate "2010.11.26"]
[SourceQuality "1"]

1. e4 Nf6 2. e5 Nd5 3. Nf3 d6 4. d4 dxe5 5. Nxe5 c6 6. c4 Nb4 7. a3 Qxd4 8. axb4 Qxe5+ 9. Be2 e6 10. Qb3 Nd7 11. Bd2 Nf6 12. Nc3 Be7 13. 0-0 0-0 14. Rfe1 Qd6 15. Be3 Qxb4 16. Qc2 Bc5 17. Ra4 Qb6 18. Bxc5 Qxc5 19. b4 Qe7 20. Bf3 Bd7 21. b5 Qc5 22. bxc6 Bxc6 23. Bxc6 Qxc6 24. Nb5 a6 25. Nd4 Qc5 26. Nf3 b5 27. Re5 Qc7 28. Rb4 Rfc8 29. c5 Nd5 30. Rh4 g6 31. Qd2 Qxc5 32. Re1 Nf6 33. g4 Qc3 34. Qf4 Rc4 35. Qg3 g5 36. Re3 gxh4 37. Rxc3 hxg3 38. Rxc4 gxh2+ 39. Kxh2 bxc4 0-1

[Event "Montreal Mercredi 02"]
[Site "Montreal"]
[Date "2009.03.18"]
[Round "5"]
[White "Gauthier, Luc"]
[Black "Lamouche, Andre"]
[Result "1/2-1/2"]
[WhiteElo "1621"]
[BlackElo "1707"]
[PlyCount "68"]
[EventDate "2009.02.18"]
[EventType "tourn"]
[EventRounds "5"]
[EventCountry "CAN"]
[SourceTitle "EXT 2011"]
[Source "ChessBase"]
[SourceDate "2010.11.26"]
[SourceVersion "1"]
[SourceVersionDate "2010.11.26"]
[SourceQuality "1"]

1. e4 e5 2. Nc3 Nf6 3. f4 d6 4. Nf3 Nc6 5. Bb5 Bd7 6. Bxc6 Bxc6 7. d3 exf4 8. Bxf4 Be7 9. 0-0 0-0 10. Qd2 d5 11. Ne5 Be8 12. Bg5 dxe4 13. dxe4 Qxd2 14. Bxd2 Bb4 15. Rae1 Rd8 16. Nd3 Ba5 17. Bg5 h6 18. Bxf6 gxf6 19. Rxf6 Kg7 20. Ref1 Bc6 21. e5 Bb6+ 22. Kh1 Be3 23. Nd1 Bg5 24. R6f2 Be4 25. Nf4 Bxf4 26. Rxf4 Bxc2 27. Ne3 Bg6 28. h4 h5 29. Nf5+ Bxf5 30. Rxf5 Rd2 31. Rg5+ Kh7 32. Rxh5+ Kg7 33. Rg5+ Kh7 34. Rh5+ Kg7 1/2-1/2

[Event "Montreal Mercredi 02"]
[Site "Montreal"]
[Date "2009.02.18"]
[Round "1"]
[White "Lamouche, Andre"]
[Black "Crezegut, Anthony"]
[Result "1/2-1/2"]
[WhiteElo "1707"]
[BlackElo "1713"]
[PlyCount "42"]
[EventDate "2009.02.18"]
[EventType "tourn"]
[EventRounds "5"]
[EventCountry "CAN"]
[SourceTitle "EXT 2011"]
[Source "ChessBase"]
[SourceDate "2010.11.26"]
[SourceVersion "1"]
[SourceVersionDate "2010.11.26"]
[SourceQuality "1"]

1. e4 d5 2. exd5 Qxd5 3. Nf3 Nf6 4. Nc3 Qd6 5. d4 a6 6. Be2 Nc6 7. Be3 Bf5 8. Qd2 0-0-0 9. 0-0 e5 10. dxe5 Nxe5 11. Qxd6 Bxd6 12. Nd4 Bg4 13. f3 Bd7 14. a3 Rhe8 15. Bf2 Nc6 16. Bc4 Nxd4 17. Bxd4 Be6 18. Bxe6+ Rxe6 19. Rad1 Be5 20. Bxe5 Rxd1 21. Rxd1 Rxe5 1/2-1/2

[Event "Montreal Mercredi 11"]
[Site "Montreal"]
[Date "2008.12.10"]
[Round "4"]
[White "Crezegut, Anthony"]
[Black "Lamouche, Andre"]
[Result "1/2-1/2"]
[WhiteElo "1843"]
[BlackElo "1732"]
[PlyCount "72"]
[EventDate "2008.11.19"]
[EventType "tourn"]
[EventRounds "5"]
[EventCountry "CAN"]
[SourceTitle "EXT 2011"]
[Source "ChessBase"]
[SourceDate "2010.11.26"]
[SourceVersion "1"]
[SourceVersionDate "2010.11.26"]
[SourceQuality "1"]

1. d4 Nf6 2. Nf3 g6 3. c4 Bg7 4. Nc3 d6 5. e4 0-0 6. h3 c5 7. d5 a6 8. a4 e6 9. Bd3 Qc7 10. 0-0 e5 11. Be3 Ne8 12. g4 f5 13. gxf5 gxf5 14. exf5 Bxf5 15. Bxf5 Rxf5 16. Ng5 Qe7 17. Nce4 Nf6 18. Ng3 Rf4 19. Bxf4 exf4 20. Re1 Qd7 21. N3e4 Nxe4 22. Rxe4 Be5 23. Qg4 Qxg4+ 24. hxg4 Nd7 25. Re2 Nf6 26. f3 b5 27. axb5 Re8 28. Ne4 Nxe4 29. Rxe4 axb5 30. cxb5 Rb8 31. Re2 Rxb5 32. Rb1 c4 33. Rc2 c3 34. b4 Kf7 35. Kf1 Ke7 36. Ra2 Rxd5 1/2-1/2

[Event "Montreal Mercredi 11"]
[Site "Montreal"]
[Date "2008.12.03"]
[Round "3"]
[White "Cote, Philippe"]
[Black "Lamouche, Andre"]
[Result "1-0"]
[WhiteElo "1731"]
[BlackElo "1732"]
[PlyCount "84"]
[EventDate "2008.11.19"]
[EventType "tourn"]
[EventRounds "5"]
[EventCountry "CAN"]
[SourceTitle "EXT 2011"]
[Source "ChessBase"]
[SourceDate "2010.11.26"]
[SourceVersion "1"]
[SourceVersionDate "2010.11.26"]
[SourceQuality "1"]

1. e4 c5 2. Nf3 d6 3. d4 cxd4 4. Nxd4 Nf6 5. Nc3 a6 6. Bc4 e6 7. Bb3 b5 8. 0-0 b4 9. Na4 Bb7 10. Re1 Be7 11. c3 bxc3 12. Nxc3 0-0 13. Bxe6 fxe6 14. Nxe6 Qd7 15. Nxf8 Kxf8 16. Bg5 Nc6 17. f4 Qd8 18. Bxf6 Bxf6 19. Nd5 Bd4+ 20. Kh1 Rc8 21. Rc1 Ba7 22. Qh5 Kg8 23. Rc3 Qe8 24. Qg5 Qd8 25. Rxc6 Bxc6 26. Qxd8+ Rxd8 27. Ne7+ Kf7 28. Nxc6 Rd7 29. e5 dxe5 30. Nxe5+ Ke6 31. Nxd7+ Kxd7 32. g3 Kd6 33. Kg2 Bb6 34. Kf3 Ba5 35. Rd1+ Kc6 36. h3 Bc7 37. g4 Bb6 38. a3 Ba7 39. f5 Bb6 40. g5 Kb5 41. f6 gxf6 42. gxf6 Bc5 1-0

[Event "Montreal Mercredi 11"]
[Site "Montreal"]
[Date "2008.11.26"]
[Round "2"]
[White "Lamouche, Andre"]
[Black "Savard, Alain"]
[Result "1/2-1/2"]
[WhiteElo "1732"]
[BlackElo "1756"]
[PlyCount "88"]
[EventDate "2008.11.19"]
[EventType "tourn"]
[EventRounds "5"]
[EventCountry "CAN"]
[SourceTitle "EXT 2011"]
[Source "ChessBase"]
[SourceDate "2010.11.26"]
[SourceVersion "1"]
[SourceVersionDate "2010.11.26"]
[SourceQuality "1"]

1. e4 e6 2. d4 d5 3. Nc3 Bb4 4. e5 c5 5. a3 Bxc3+ 6. bxc3 Qc7 7. Bd3 Ne7 8. Bd2 c4 9. Be2 Bd7 10. f4 Ba4 11. Nf3 h5 12. Ng5 g6 13. 0-0 Nf5 14. g4 hxg4 15. Bxg4 Nc6 16. Bxf5 gxf5 17. Be1 0-0-0 18. h4 Rdg8 19. Bg3 Qe7 20. Rf3 Rh5 21. Re3 Rgh8 22. Qe2 Qf8 23. Rf1 Ne7 24. Rf2 Ng6 25. Rh2 Be8 26. Qe1 Qxa3 27. Nf3 Rg8 28. Rg2 Qb2 29. Nd2 Ba4 30. Qe2 Qa1+ 31. Kf2 Nxf4 32. Bxf4 Rxg2+ 33. Kxg2 Rxh4 34. Bh2 Rg4+ 35. Rg3 Rxg3+ 36. Bxg3 Qxc3 37. Nf3 Qxc2 38. Qxc2 Bxc2 39. Be1 Be4 40. Kf2 Bxf3 41. Kxf3 b6 42. Kf4 a5 43. Kg5 Kd7 44. Bd2 Ke8 1/2-1/2

[Event "Montreal Mercredi 11"]
[Site "Montreal"]
[Date "2008.11.19"]
[Round "1"]
[White "Millette, Sylvain"]
[Black "Lamouche, Andre"]
[Result "1/2-1/2"]
[WhiteElo "1693"]
[BlackElo "1732"]
[PlyCount "44"]
[EventDate "2008.11.19"]
[EventType "tourn"]
[EventRounds "5"]
[EventCountry "CAN"]
[SourceTitle "EXT 2011"]
[Source "ChessBase"]
[SourceDate "2010.11.26"]
[SourceVersion "1"]
[SourceVersionDate "2010.11.26"]
[SourceQuality "1"]

1. Nf3 c5 2. g3 Nf6 3. Bg2 Nc6 4. 0-0 e5 5. d3 d5 6. Bg5 Be7 7. Bxf6 Bxf6 8. e4 dxe4 9. dxe4 Qxd1 10. Rxd1 Nd4 11. Nxd4 cxd4 12. c3 0-0 13. cxd4 exd4 14. Nd2 d3 15. e5 Bxe5 16. Nc4 Bf6 17. Rxd3 Be6 18. Ne3 Bxb2 19. Rb1 Bf6 20. Rxb7 Bxa2 21. Ra3 Be6 22. Rbxa7 Rxa7 1/2-1/2

[Event "Montreal Mercredi 09"]
[Site "Montreal"]
[Date "2008.09.17"]
[Round "3"]
[White "Gauthier, Denis"]
[Black "Lamouche, Andre"]
[Result "1/2-1/2"]
[WhiteElo "1891"]
[BlackElo "1752"]
[PlyCount "124"]
[EventDate "2008.09.03"]
[EventType "tourn"]
[EventRounds "5"]
[EventCountry "CAN"]
[SourceTitle "EXT 2011"]
[Source "ChessBase"]
[SourceDate "2010.11.26"]
[SourceVersion "1"]
[SourceVersionDate "2010.11.26"]
[SourceQuality "1"]

1. d4 Nf6 2. c4 c5 3. d5 d6 4. Nc3 g6 5. e4 Bg7 6. Bd3 0-0 7. Nge2 e6 8. 0-0 exd5 9. cxd5 a6 10. a4 Nbd7 11. Ng3 Qc7 12. h3 h5 13. Bg5 c4 14. Bc2 Rb8 15. Qd2 b5 16. axb5 axb5 17. Bh6 b4 18. Bxg7 Kxg7 19. Nce2 h4 20. Nh1 Nc5 21. f3 Qb6 22. Qd4 Ba6 23. Rfe1 b3 24. Bb1 Nd3 25. Bxd3 cxd3 26. Qxb6 Rxb6 27. Nc3 Nd7 28. Nf2 Nc5 29. Red1 Rc8 30. Rd2 Rb4 31. Ra3 Bc4 32. Ng4 f6 33. Ra7+ Rb7 34. Ra3 Rcc7 35. Ne3 Bb5 36. Ra5 Ba6 37. Rd1 Rb4 38. Rda1 Bc4 39. Kf2 d2 40. Ned1 Nd3+ 41. Ke3 Ne1 42. Kxd2 Nxg2 43. Ra7 Rbb7 44. Rxb7 Rxb7 45. Ne3 Nxe3 46. Kxe3 Rc7 47. Ra8 Bf1 48. Rd8 Bxh3 49. Rxd6 Bf1 50. Rc6 Rd7 51. Rb6 h3 52. Nd1 h2 53. Nf2 Bg2 54. Rxb3 h1Q 55. Nxh1 Bxh1 56. Kf2 Kh6 57. Kg1 Bxf3 58. Rxf3 Kg5 59. b4 f5 60. exf5 gxf5 61. Rd3 Rd6 62. Kf2 Kf4 1/2-1/2

[Event "Montreal Mercredi 05"]
[Site "Montreal"]
[Date "2008.05.14"]
[Round "1"]
[White "Lamouche, Andre"]
[Black "Savard, Alain"]
[Result "0-1"]
[WhiteElo "1791"]
[BlackElo "1754"]
[PlyCount "48"]
[EventDate "2008.05.14"]
[EventType "tourn"]
[EventRounds "5"]
[EventCountry "CAN"]
[SourceTitle "EXT 2011"]
[Source "ChessBase"]
[SourceDate "2010.11.26"]
[SourceVersion "1"]
[SourceVersionDate "2010.11.26"]
[SourceQuality "1"]

1. e4 e6 2. d4 d5 3. exd5 exd5 4. Nf3 Nf6 5. Be2 Bd6 6. Bg5 0-0 7. Nc3 c6 8. Qd3 Re8 9. 0-0-0 b5 10. Rde1 b4 11. Nd1 Ba6 12. Qd2 Bxe2 13. Rxe2 Rxe2 14. Qxe2 Nbd7 15. Ne5 Qb6 16. Nxd7 Nxd7 17. Qg4 Nf8 18. Ne3 h5 19. Qxh5 Qxd4 20. Rd1 Qe4 21. f3 Qh7 22. Qg4 Ne6 23. h4 Nxg5 24. hxg5 Qg6 0-1

[Event "Montreal Le Backgammon"]
[Site "Montreal"]
[Date "1981.07.26"]
[Round "2"]
[White "Morin, Louis"]
[Black "Lamouche, Andre"]
[Result "1-0"]
[WhiteElo "1811"]
[BlackElo "1811"]
[PlyCount "71"]
[EventDate "1981.07.26"]
[EventType "swiss"]
[EventRounds "5"]
[EventCountry "CAN"]
[SourceTitle "EXT 2022"]
[Source "ChessBase"]
[SourceDate "2021.10.06"]
[SourceVersion "1"]
[SourceVersionDate "2021.10.06"]
[SourceQuality "1"]

1. e4 e5 2. Nf3 Nc6 3. Bb5 a6 4. Bxc6 dxc6 5. 0-0 Qd6 6. d3 f6 7. Be3 Be6 8. Nbd2 0-0-0 9. d4 h6 10. dxe5 fxe5 11. Qe2 Nf6 12. Nb3 Qb4 13. Nxe5 Qxe4 14. Nd3 Bd6 15. Nbc5 Bxh2+ 16. Kxh2 Qh4+ 17. Kg1 Ng4 18. Bf4 Bd5 19. Bg3 Qh5 20. f3 Rhe8 21. Qd2 Ne3 22. Qa5 Re7 23. Nxb7 Qg5 24. Qxa6 Kd7 25. Ndc5+ Ke8 26. Nxd8 Qxg3 27. Rf2 Re5 28. Qc8 Rg5 29. Nde6+ Kf7 30. Nxg5+ hxg5 31. Qd7+ Kg6 32. Qe8+ Kh7 33. Qxe3 g4 34. Qd3+ g6 35. fxg4 Qxg4 36. Qh3+ 1-0